00800 am a2200241 a 450000500170000000800410001702000150005804100080007310000320008124500540011325000110016726000280017830000120020650000850021865300300030365300260033365300340035965300250039365300260041865300450044465300280048965300410051720231207094015.0100308s1997||||sp # f |||| 001 0 spa d a8481741736 aspa1 aPardo Mindán, F. J.eDir. aAnatomía Patológica / cF.J. Pardo Mindán. a1a ed. aMadrid: bMosby;c1997. a1353 p. aPardo Mindán, F. J. (1997). Anatomía patológica. (1a ed.). Madrid : Mosby. aMétodos en patología  aPatología molecular aPatología del metabolísmo aPatología Infantil aPatología ambiental aPatología del higado y vías biliares aPatología endócrina aPatología de la glándula mamaria